Online
Catalog

Agroforestería y conservación de suelos : (Record no. 28298)

MARC details
000 -CABECERA
campo de control de longitud fija 01763nam a2200313 a 4500
001 - NÚMERO DE CONTROL
campo de control 000028806
005 - FECHA Y HORA DE LA ÚLTIMA TRANSACCIÓN
campo de control 20200930055141.0
008 - DATOS DE LONGITUD FIJA--INFORMACIÓN GENERAL
campo de control de longitud fija 110412s1992 dr acd r 001 0 spa d
020 ## - NÚMERO INTERNACIONAL ESTÁNDAR DEL LIBRO
Número Internacional Estándar del Libro 8489538018
040 ## - FUENTE DE LA CATALOGACIÓN
Centro catalogador/agencia de origen DO-SdBNP
Lengua de catalogación spa
Centro/agencia transcriptor BNPHU
082 ## - NÚMERO DE LA CLASIFICACIÓN DECIMAL DEWEY
Número de clasificación 631.5
Número de documento/Ítem A281c
245 00 - MENCIÓN DE TÍTULO
Título Agroforestería y conservación de suelos :
Resto del título experiencias del proyecto de desarrollo agroforestal de Zambrana-Chacuey, Cotui, República Dominicana /
Mención de responsabilidad, etc. Texto Mamerto Valerio, Lionel Robineau ; edición al cuidado de Víctor Eddy Ruíz.
260 ## - PUBLICACIÓN, DISTRIBUCIÓN, ETC.
Lugar de publicación, distribución, etc. Santo Domingo :
Nombre del editor, distribuidor, etc. Enda-Caribe,
Fecha de publicación, distribución, etc. 1992.
300 ## - DESCRIPCIÓN FÍSICA
Extensión 84 p. :
Otras características físicas il., gráfcs., retrs., tablas ;
Dimensiones 22 cm.
490 1# - MENCIÓN DE SERIE
Mención de serie Experiencias y técnicas agroforestales
Designación de volumen o secuencia v. 5
505 0# - NOTA DE CONTENIDO CON FORMATO
Información miscelánea Introducción --
Título ¿Que es la agroforestería? --
-- Área del Proyecto AGROSIL --
-- Descripción del proyecto --
-- Obstáculos y facilidades para el desarrollo del proyecto --
-- Impacto --
-- Nuevos frentes de trabajo --
-- Convenios para la ejecución del proyecto --
Información miscelánea Conclusiones --
Nota de contenido con formato Anexos.
590 ## - NOTA LOCAL (RLIN)
Nota local Inventariado, 2018/BT
650 #4 - PUNTO DE ACCESO ADICIONAL DE MATERIA--TÉRMINO DE MATERIA
Término de materia o nombre geográfico como elemento de entrada Conservación de suelos
9 (RLIN) 55780
650 #4 - PUNTO DE ACCESO ADICIONAL DE MATERIA--TÉRMINO DE MATERIA
Término de materia o nombre geográfico como elemento de entrada Proyectos agroforestales
Subdivisión geográfica Cotuí (República Dominicana{Rpara}
9 (RLIN) 55781
650 #4 - PUNTO DE ACCESO ADICIONAL DE MATERIA--TÉRMINO DE MATERIA
Término de materia o nombre geográfico como elemento de entrada Asistencia agrícola
9 (RLIN) 55782
650 #4 - PUNTO DE ACCESO ADICIONAL DE MATERIA--TÉRMINO DE MATERIA
Término de materia o nombre geográfico como elemento de entrada Agricultura de subsistencia
Subdivisión geográfica Cotuí (República Dominicana{Rpara}
9 (RLIN) 55783
650 #4 - PUNTO DE ACCESO ADICIONAL DE MATERIA--TÉRMINO DE MATERIA
Término de materia o nombre geográfico como elemento de entrada Producción agropecuaria
Subdivisión geográfica Cotuí (República Dominicana{Rpara}
9 (RLIN) 55784
700 1# - PUNTO DE ACCESO ADICIONAL--NOMBRE DE PERSONA
Nombre de persona Valerio, Mamerto
9 (RLIN) 21786
700 1# - PUNTO DE ACCESO ADICIONAL--NOMBRE DE PERSONA
Nombre de persona Robineau, Lionel
9 (RLIN) 36610
700 1# - PUNTO DE ACCESO ADICIONAL--NOMBRE DE PERSONA
Nombre de persona Ruíz, Víctor Eddy,
Término indicativo de función/relación ed.
9 (RLIN) 10438
710 2# - PUNTO DE ACCESO ADICIONAL--NOMBRE DE ENTIDAD CORPORATIVA
Nombre de entidad corporativa o nombre de jurisdicción como elemento de entrada Organización Internacional Medio Ambiente y Desarrollo del Tercer Mundo. Oficina Regional del Caribe (Enda-Caribe)
9 (RLIN) 55785
830 #0 - PUNTO DE ACCESO ADICIONAL DE SERIE-TÍTULO UNIFORME
Título uniforme Experiencias y técnicas agroforestales
Número de parte o sección de la obra n. 5
9 (RLIN) 55786
910 ## - DATOS DE OPCIÓN DEL USUARIO (OCLC)
Datos de opción del usuario Validado. Control de calidad. EMS
Holdings
Estado de retiro Estado de pérdida No para préstamo Código de colección Localización permanente Ubicación/localización actual Ubicación en estantería Fecha de adquisición Número de inventario Total de préstamos Signatura topográfica completa Código de barras Fecha visto por última vez Precio válido a partir de Tipo de ítem Koha
    Excluido de préstamo Patrimonio Dominicano Patrimonio Dominicano Patrimonio Dominicano Depósito 12.04.2011 LF1   631.5 A281c 28806-10 25.06.2020 25.06.2020 Libro y Folleto Colección Patrimonio Dominicano

Powered by Koha